000 00590nam a22002177a 4500
001 28830
003 BD-RjUL
005 20211209051333.0
008 140401s1964 enk |||| |||| 001 0 eng d
035 _a(BD-RjUL)
040 _aBD-RjUL
_beng
_cBD-RjUL
041 _aeng
082 0 4 _221
_a123.5
_bVIH 1964
100 1 _a Vivian Frederick
_93334
245 1 _aHuman freedom and responsibility /
_cFrederick Vivian
260 _aLondon :
_bChatto & Windus,
_c1964.
300 _a181 p. ;
_c23cm.
504 _aIncludes Index
650 0 _aFree will and determinism
_93289
942 _2ddc
_cBK
999 _c28830
_d28830